000 02699nam0a2200397 i 4500
001 RU\NLR\BIBL_A\010201266
005 20260408103439.0
010 _a9785859219919
_9300
021 _aRU
_b2013-107632
_97464
035 _a(NILC)RuMoRGB-006726646
035 _a(NLR Aleph) 010201266
090 _a10244949
_c10244949
100 _a20140306d2012 km y0rusy50 ca
101 0 _arus
102 _aRU
105 _ay|||z|||100yy
200 1 _aТеория и практика социально-гуманитарного обеспечения инклюзивного образования
_dTheory and practice of social provision of inclusive education
_eматериалы всероссийской научной школы с международным участием
_fпод общ. ред. А. Г. Ряписовой к.п.н.
_zeng
210 _aНовосибирск
_cФГБОУ ВПО "Новосибирский государственный педагогический университет"
_d2012
215 _a263 с.
_cтабл.
_d21
300 _aВ надзаг.: М-во образования и науки Российской Федерации, Федеральное гос. бюджетное образовательное учреждение высш. проф. образования "Новосибирский гос. педагогический ун-т"
320 _aБиблиогр. в конце ст.
510 1 _aTheory and practice of social provision of inclusive education
_zeng
606 _aДети с ограниченными возможностями здоровья
_jСъезды, совещания и т.п
_xОбучение
_xПсихологические исследования
_92319235
_3RU\NLR\AUTH\6601612597
606 _aИнклюзивное образование
_jСъезды, совещания и т.п
_91682231
_3RU\NLR\AUTH\66746977
675 _a37.013.42(082)
686 1 _aЮ984.0я431
686 1 _aЧ430.122.1я431
686 1 _aЧ421.223.23я431
702 1 _aРяписова
_bА. Г.
_gАлевтина Геннадьевна
_4340
711 1 2 _a"Теория и практика социально-гуманитарного обеспечения инклюзивного образования", всероссийская научная школа с международным участием
_f2012
_eНовосибирск
_3RU\NLR\AUTH\8810242751
_9371385
801 0 _aRU
_bRuMoRKP
_c20140121
_gRCR
801 2 _aRU
_bРГБ
_c20140203
_grcr
942 _cBOOK
980 _aNBR